Statystyki dla Zgadnij co to za miasto #1

Kliknij tutaj aby rozwiązać quiz!

Ogólne statystyki

  • Ten quiz został rozwiązany 56 razy
  • Średni wynik to 7 z 12

Statystyki odpowiedzi

Odpowiedź% Poprawnych
Paryż
100%
Nowy Jork
81%
Moskwa
77%
Warszawa
75%
Sydney
73%
Barcelona
67%
Rio de Janeiro
67%
Amsterdam
63%
Tokio
33%
Kuala Lumpur
21%
Monachium
10%
Hawana
8%

Rozkład punktacji

Percentyl według liczby udzielonych odpowiedzi

Procent ludzi z każdym wynikiem

Twoja historia wyników

Nie rozwiązałeś tego quizu